000 01149nam a2200313 i 4500
001 bg
003 BPK
005 20190828100921.0
008 040809s2003 pl a f f |000 0 pol
015 _aPB 2004/15167
020 _a8373650385
040 _aWA N
_cBPK
080 _a531.3
080 _a621.01
080 _a(075.8+076)
100 1 _aFligiel, Marek
_eAutor
245 1 0 _aZadania z mechaniki ogólnej.
_nCz. 2,
_pDynamika /
_cMarek Fligiel.
260 _aKoszalin :
_bWydaw. Uczelniane Politechniki Koszalińskiej,
_ccop. 2003.
300 _a141 s. :
_brys., wykr. ;
_c24 cm.
500 _aAut. cz. 1: Bogdan Wilczyński.
504 _aBibliogr. s. 141.
655 4 _aĆwiczenia i zadania dla szkół wyższych
650 4 _aDynamika
650 4 _aMechanika stosowana
710 2 _aPolitechnika Koszalińska.
_bWydawnictwo Uczelniane.
_4pbl.
856 _uhttp://dlibra.tu.koszalin.pl/dlibra/docmetadata?id=116&from=&dirids=1&ver_id=&lp=1&QI=
_yBiblioteka Cyfrowa
942 _2UKD
_cKS
856 _uhttp://koha.tu.koszalin.pl/cgi-bin/koha/opac-detail.pl?biblionumber=51066
_yKatalog online BPK
999 _c51066
_d51066